The Family (Record no. 6536)

MARC details
000 -LEADER
fixed length control field 00504nam a22001937a 4500
003 - CONTROL NUMBER IDENTIFIER
control field OSt
005 - DATE AND TIME OF LATEST TRANSACTION
control field 20200214130629.0
008 - FIXED-LENGTH DATA ELEMENTS--GENERAL INFORMATION
fixed length control field 200130b ||||| |||| 00| 0 eng d
020 ## - INTERNATIONAL STANDARD BOOK NUMBER
International Standard Book Number 0333689720
040 ## - CATALOGING SOURCE
Transcribing agency 040a
082 ## - DEWEY DECIMAL CLASSIFICATION NUMBER
Classification number 306.85 STE 2001
100 ## - MAIN ENTRY--PERSONAL NAME
Personal name Steel, Liz; Kidd, Warren
9 (RLIN) 13434
245 ## - TITLE STATEMENT
Title The Family
260 ## - PUBLICATION, DISTRIBUTION, ETC. (IMPRINT)
Place of publication, distribution, etc. New York;
Name of publisher, distributor, etc. Palgrave,
Date of publication, distribution, etc. 2001
300 ## - PHYSICAL DESCRIPTION
Extent xi, 247p;
Other physical details ill :
Dimensions 25cm.
504 ## - BIBLIOGRAPHY, ETC. NOTE
Bibliography, etc Includes bibliographical references and index
650 ## - SUBJECT ADDED ENTRY--TOPICAL TERM
Source of heading or term Family
942 ## - ADDED ENTRY ELEMENTS (KOHA)
Source of classification or shelving scheme Dewey Decimal Classification
Koha item type Open Shelf
Holdings
Withdrawn status Lost status Source of classification or shelving scheme Damaged status Not for loan Home library Current library Date acquired Source of acquisition Inventory number Total Checkouts Full call number Barcode Date last seen Koha item type Price effective from
    Dewey Decimal Classification     MUST Main Library MUST Main Library 30/01/2020 Donation 03/19372   306.85 STE 2001 2020-0246 30/01/2020 Open Shelf  
    Dewey Decimal Classification     MUST Main Library MUST Main Library 23/07/2024 Purchase 03/19371   306.85 STE 2001 2024-22092 23/07/2024 Open Shelf 23/07/2024
    Dewey Decimal Classification     MUST Main Library MUST Main Library 23/07/2024 Purchase 03/19663   306.85 STE 2001 2024-22094 23/07/2024 Open Shelf 23/07/2024
    Dewey Decimal Classification     MUST Main Library MUST Main Library 23/07/2024 Purchase 03/19662   306.85 STE 2001 2024-22096 23/07/2024 Open Shelf 23/07/2024